[Event "Jesenik op-A"]
[Site "Jesenik"]
[Date "2024.08.22"]
[Round "6"]
[White "Munk, Petr"]
[Black "Taragelova, Martina"]
[Result "1/2-1/2"]
[WhiteElo "2120"]
[BlackElo "1987"]
[PlyCount "21"]
[EventDate "2024.08.17"]
[EventType "swiss"]
[EventRounds "9"]
[EventCountry "CZE"]
[SourceTitle "CBM 221 Extra"]
[Source "ChessBase"]
[SourceDate "2024.09.30"]
[SourceVersion "1"]
[SourceVersionDate "2024.09.30"]
[SourceQuality "1"]

1. e4 e5 2. Nf3 Nc6 3. Bb5 a6 4. Ba4 Nf6 5. 0-0 Be7 6. Re1 b5 7. Bb3 0-0 8. h3 Bb7 9. c3 d5 10. exd5 Nxd5 11. d4 1/2-1/2

[Event "Jesenik op-A"]
[Site "Jesenik"]
[Date "2024.08.20"]
[Round "4"]
[White "Munk, Petr"]
[Black "Tikovsky, Alexander"]
[Result "1/2-1/2"]
[WhiteElo "2120"]
[BlackElo "2065"]
[PlyCount "28"]
[EventDate "2024.08.17"]
[EventType "swiss"]
[EventRounds "9"]
[EventCountry "CZE"]
[SourceTitle "CBM 221 Extra"]
[Source "ChessBase"]
[SourceDate "2024.09.30"]
[SourceVersion "1"]
[SourceVersionDate "2024.09.30"]
[SourceQuality "1"]

1. c4 c6 2. e4 d5 3. exd5 cxd5 4. d4 Nf6 5. Nc3 Nc6 6. Bg5 Be6 7. Bxf6 exf6 8. c5 g6 9. Bb5 Bg7 10. Nge2 Qc7 11. 0-0 0-0 12. Bxc6 bxc6 13. b4 Rab8 14. Rb1 f5 1/2-1/2

[Event "Jesenik op-A"]
[Site "Jesenik"]
[Date "2024.08.19"]
[Round "3"]
[White "Hajek, Oskar"]
[Black "Munk, Petr"]
[Result "1/2-1/2"]
[WhiteElo "2251"]
[BlackElo "2120"]
[PlyCount "98"]
[EventDate "2024.08.17"]
[EventType "swiss"]
[EventRounds "9"]
[EventCountry "CZE"]
[SourceTitle "CBM 221 Extra"]
[Source "ChessBase"]
[SourceDate "2024.09.30"]
[SourceVersion "1"]
[SourceVersionDate "2024.09.30"]
[SourceQuality "1"]

1. d4 Nf6 2. Bf4 g6 3. Nc3 c5 4. d5 d6 5. e4 Bg7 6. Nf3 0-0 7. h3 b5 8. Bxb5 Nxe4 9. Nxe4 Qa5+ 10. Nc3 Bxc3+ 11. bxc3 Qxb5 12. Nd2 c4 13. Nf1 Qa5 14. Qd2 Nd7 15. Ne3 Nb6 16. 0-0 Na4 17. Nxc4 Qxc3 18. Na5 Qxd2 19. Bxd2 Bd7 20. Rfe1 Rfe8 21. c4 Rac8 22. Rac1 Rc7 23. Be3 f6 24. Bd4 Kf7 25. Rb1 Rec8 26. Rb4 e5 27. Be3 Ke7 28. f4 Nb6 29. fxe5 fxe5 30. Bxb6 axb6 31. Rxb6 Ra8 32. Nb7 Rb8 33. Reb1 Rxc4 34. Nxd6 Rxb6 35. Rxb6 Rd4 36. Nb5 Rxd5 37. Nc3 Rc5 38. Ne4 Ra5 39. Rb2 Ra4 40. Nc5 Ra5 41. Nxd7 Kxd7 42. h4 Ke6 43. Kf2 Kf5 44. g3 Ra3 45. Kg2 h5 46. Kh3 Ra5 47. Kg2 e4 48. a4 Rxa4 49. Rb5+ Kf6 1/2-1/2

[Event "Jesenik op-A"]
[Site "Jesenik"]
[Date "2024.08.18"]
[Round "2"]
[White "Munk, Petr"]
[Black "Dvorakova, Olga"]
[Result "1-0"]
[WhiteElo "2120"]
[BlackElo "1970"]
[PlyCount "47"]
[EventDate "2024.08.17"]
[EventType "swiss"]
[EventRounds "9"]
[EventCountry "CZE"]
[SourceTitle "CBM 221 Extra"]
[Source "ChessBase"]
[SourceDate "2024.09.30"]
[SourceVersion "1"]
[SourceVersionDate "2024.09.30"]
[SourceQuality "1"]

1. e4 c6 2. d4 d5 3. e5 Bf5 4. Nf3 e6 5. Be2 Nd7 6. 0-0 Ne7 7. Nbd2 c5 8. c4 dxc4 9. Nxc4 Nd5 10. Bg5 Qb8 11. Ne3 Nxe3 12. Bxe3 Be7 13. dxc5 Nxe5 14. Nxe5 Qxe5 15. Bb5+ Kf8 16. Qd7 Be4 17. Rad1 Bd5 18. c6 Rd8 19. Qxb7 Qe4 20. Rxd5 Qxd5 21. Ba6 Bd6 22. c7 Bxc7 23. Qxc7 Qd7 24. Rc1 1-0

[Event "CZE-chT2C 2223"]
[Site "Czech Republic"]
[Date "2023.01.08"]
[Round "6.5"]
[White "Munk, Petr"]
[Black "Volfl, Zdenek"]
[Result "1-0"]
[WhiteElo "2078"]
[BlackElo "2109"]
[PlyCount "75"]
[EventDate "2022.10.16"]
[EventType "team-tourn"]
[EventRounds "11"]
[EventCountry "CZE"]
[SourceTitle "EXT 2024"]
[Source "ChessBase"]
[SourceDate "2023.10.10"]
[SourceVersion "1"]
[SourceVersionDate "2023.10.10"]
[SourceQuality "1"]
[WhiteTeam "Lysa nad Labem"]
[BlackTeam "Ceska Lipa"]
[WhiteTeamCountry "CZE"]
[BlackTeamCountry "CZE"]

1. e4 c5 2. c4 Nc6 3. Ne2 Nf6 4. Nbc3 g6 5. d4 cxd4 6. Nxd4 d6 7. Be2 Bg7 8. Be3 0-0 9. f3 Bd7 10. Qd2 Nxd4 11. Bxd4 Bc6 12. 0-0 a5 13. b3 Nd7 14. Be3 Nc5 15. Rab1 b6 16. Rfd1 f5 17. exf5 gxf5 18. Nd5 Bxd5 19. Qxd5+ Kh8 20. Bd4 Qc8 21. f4 Bxd4+ 22. Qxd4+ Rf6 23. Bf3 Rb8 24. Re1 Qc7 25. Re3 Rd8 26. Rbe1 e5 27. fxe5 dxe5 28. Qh4 Qd6 29. Rd1 Qxd1+ 30. Bxd1 Rxd1+ 31. Re1 Rfd6 32. Kf1 Ne4 33. Qe7 Kg8 34. Qe8+ Kg7 35. Qxe5+ Kg6 36. g4 Nd2+ 37. Kg2 Rxe1 38. Qxd6+ 1-0

[Event "CZE-chT2C 2223"]
[Site "Czech Republic"]
[Date "2022.11.06"]
[Round "2.5"]
[White "Munk, Petr"]
[Black "Kucera, Petr"]
[Result "1/2-1/2"]
[WhiteElo "2078"]
[BlackElo "2195"]
[PlyCount "31"]
[EventDate "2022.10.16"]
[EventType "team-tourn"]
[EventRounds "11"]
[EventCountry "CZE"]
[SourceTitle "EXT 2024"]
[Source "ChessBase"]
[SourceDate "2023.10.10"]
[SourceVersion "1"]
[SourceVersionDate "2023.10.10"]
[SourceQuality "1"]
[WhiteTeam "Lysa nad Labem"]
[BlackTeam "Turnov Zikuda II"]
[WhiteTeamCountry "CZE"]
[BlackTeamCountry "CZE"]

1. e4 c6 2. d4 d5 3. e5 Bf5 4. Nf3 e6 5. Be2 Nd7 6. 0-0 Bg6 7. Nbd2 Nh6 8. c4 a6 9. cxd5 cxd5 10. Nb3 Nf5 11. Bg5 Be7 12. Bxe7 Qxe7 13. Qd2 0-0 14. Rfc1 Rfc8 15. Na5 Bh5 16. h3 1/2-1/2

[Event "CZE-chT1W 1718"]
[Site "Czech Republic"]
[Date "2018.01.07"]
[Round "5.6"]
[White "Munk, Petr"]
[Black "Sokolov, Alexander"]
[Result "0-1"]
[WhiteElo "2142"]
[BlackElo "2388"]
[PlyCount "126"]
[EventDate "2017.10.29"]
[EventType "team-tourn"]
[EventRounds "11"]
[EventCountry "CZE"]
[SourceTitle "EXT 2019"]
[Source "ChessBase"]
[SourceDate "2018.10.10"]
[SourceVersion "1"]
[SourceVersionDate "2018.10.10"]
[SourceQuality "1"]
[WhiteTeam "Lysa nad Labem III"]
[BlackTeam "Pankrac"]
[WhiteTeamCountry "CZE"]
[BlackTeamCountry "CZE"]

1. e4 c5 2. c3 d6 3. d4 Nf6 4. dxc5 Nc6 5. Bb5 Nxe4 6. cxd6 Nxd6 7. Bxc6+ bxc6 8. Qa4 Bd7 9. Na3 Qb6 10. Nf3 c5 11. Qf4 f6 12. 0-0 e5 13. Nxe5 fxe5 14. Qxe5+ Be7 15. Bg5 Nf5 16. Rfe1 0-0 17. Bxe7 Nxe7 18. Nc4 Qa6 19. Nd6 Rf6 20. Rad1 Re6 21. Qxc5 Qc6 22. Qd4 Rf8 23. Rxe6 Bxe6 24. Qe5 Qd7 25. Re1 Rf6 26. Ne4 Rf5 27. Qb8+ Rf8 28. Qd6 Nf5 29. Qxd7 Bxd7 30. Nc5 Bc6 31. f3 Rd8 32. Kf2 Kf7 33. b4 Rd2+ 34. Re2 Rd1 35. a4 Nd6 36. Rc2 Nc4 37. Ke2 Rd5 38. Ne4 Ke6 39. b5 Be8 40. h4 Bg6 41. Ra2 Ke5 42. Nd2 Bd3+ 43. Kf2 Nxd2 44. Rxd2 Kd6 45. Ke3 Bc4 46. Rb2 Kc5 47. g4 Rd3+ 48. Ke4 Rd1 49. f4 Rg1 50. g5 Re1+ 51. Kf3 Bd5+ 52. Kf2 Re4 53. Kg3 Re3+ 54. Kg4 g6 55. f5 Re4+ 56. Kg3 gxf5 57. a5 Rg4+ 58. Kh3 Rc4 59. b6 Rxc3+ 60. Kh2 axb6 61. Rxb6 Kd4 62. Rh6 f4 63. Kg1 Ke3 0-1

[Event "Pardubice Czech op-A 28th"]
[Site "Pardubice"]
[Date "2017.07.21"]
[Round "1"]
[White "Swicarz, Maciej"]
[Black "Munk, Petr"]
[Result "1-0"]
[WhiteElo "2372"]
[BlackElo "2148"]
[PlyCount "69"]
[EventDate "2017.07.21"]
[EventType "swiss"]
[EventRounds "9"]
[EventCountry "CZE"]
[SourceTitle "CBM 179 Extra"]
[Source "ChessBase"]
[SourceDate "2017.08.23"]
[SourceVersion "1"]
[SourceVersionDate "2017.08.23"]
[SourceQuality "1"]

1. e4 c5 2. Nf3 Nc6 3. d4 cxd4 4. Nxd4 Nf6 5. Nc3 d6 6. Bg5 e6 7. Qd2 a6 8. 0-0-0 Bd7 9. Kb1 b5 10. f3 Rc8 11. g4 Be7 12. h4 b4 13. Nce2 Ne5 14. Ng3 a5 15. Be3 0-0 16. g5 Ne8 17. f4 Ng4 18. Bg1 e5 19. Ndf5 Be6 20. Bh3 exf4 21. Qxf4 Ne5 22. Bb6 Nc7 23. Nh5 g6 24. Nxe7+ Qxe7 25. Qf6 Qxf6 26. Nxf6+ Kg7 27. Bxa5 Bxa2+ 28. Kc1 Ne6 29. Bxb4 Bb3 30. Bc3 Ba4 31. Rxd6 Rxc3 32. bxc3 Rc8 33. Bxe6 Rxc3 34. Bb3 Bxb3 35. Rd8 1-0

[Event "CZE-chT2C 1617"]
[Site "Czech Republic"]
[Date "2017.02.12"]
[Round "8.4"]
[White "Jirman, Pavel"]
[Black "Munk, Petr"]
[Result "1-0"]
[WhiteElo "2022"]
[BlackElo "2133"]
[PlyCount "39"]
[EventDate "2016.10.09"]
[EventType "team-tourn"]
[EventRounds "11"]
[EventCountry "CZE"]
[SourceTitle "EXT 2022"]
[Source "ChessBase"]
[SourceDate "2021.10.06"]
[SourceVersion "1"]
[SourceVersionDate "2021.10.06"]
[SourceQuality "1"]
[WhiteTeam "Vysehrad III"]
[BlackTeam "Lysa nad Labem IV"]
[WhiteTeamCountry "CZE"]
[BlackTeamCountry "CZE"]

1. e4 c5 2. d4 cxd4 3. c3 dxc3 4. Nxc3 Nc6 5. Bc4 e6 6. Nf3 Nf6 7. Bf4 a6 8. a4 Qa5 9. 0-0 Bb4 10. Qc2 0-0 11. e5 Nh5 12. Bd2 Nxe5 13. Nxe5 Qxe5 14. Rfe1 Qc5 15. Ne4 Qe7 16. Bxb4 Qxb4 17. g4 Nf4 18. Ng5 f5 19. gxf5 Rxf5 20. Qxf5 1-0

[Event "CZE-chT1W 1415"]
[Site "Czech Republic"]
[Date "2014.10.19"]
[Round "1.6"]
[White "Munk, Petr"]
[Black "Nidl, Petr"]
[Result "1/2-1/2"]
[WhiteElo "2129"]
[BlackElo "2197"]
[PlyCount "104"]
[EventDate "2014.10.19"]
[EventType "team-tourn"]
[EventRounds "11"]
[EventCountry "CZE"]
[SourceTitle "EXT 2015"]
[Source "ChessBase"]
[SourceDate "2014.11.20"]
[SourceVersion "1"]
[SourceVersionDate "2014.11.20"]
[SourceQuality "1"]
[WhiteTeam "Lysa nad Labem II"]
[BlackTeam "Ceske Budejovice"]
[WhiteTeamCountry "CZE"]
[BlackTeamCountry "CZE"]

1. e4 c5 2. c4 Nc6 3. Ne2 g6 4. d4 cxd4 5. Nxd4 Bg7 6. Be3 d6 7. Nc3 Nf6 8. Be2 0-0 9. f3 Bd7 10. Qd2 a6 11. 0-0 Re8 12. Rfd1 Rc8 13. Rac1 h5 14. Nb3 Na5 15. c5 Nxb3 16. axb3 Be6 17. cxd6 Bxb3 18. d7 Nxd7 19. Qxd7 Bxd1 20. Qxd1 e6 21. Qa4 Qe7 22. Qa5 Rc6 23. e5 Rec8 24. f4 Qc7 25. Qxc7 R6xc7 26. Bf3 Bf8 27. Rd1 Bb4 28. Bb6 Bc5+ 29. Bxc5 Rxc5 30. Bxb7 Rb8 31. Bxa6 Rxb2 32. Ne4 Rcc2 33. Bf1 Rc8 34. Rd2 Rb4 35. Nf6+ Kg7 36. g3 h4 37. Kf2 Rcb8 38. Bg2 hxg3+ 39. hxg3 Rb2 40. Rxb2 Rxb2+ 41. Kf3 Ra2 42. Bf1 Ra5 43. Kg4 Rc5 44. Kg5 Ra5 45. Ne8+ Kf8 46. Nd6 Ke7 47. Bb5 Ra8 48. g4 Rh8 49. Ba6 Ra8 50. Bb7 Rb8 51. Kh6 Kf8 52. Be4 Rb4 1/2-1/2

[Event "Kromeriz op"]
[Site "Kromeriz"]
[Date "2014.05.07"]
[Round "1"]
[White "Krejca, Jakub"]
[Black "Munk, Petr"]
[Result "1/2-1/2"]
[WhiteElo "1815"]
[BlackElo "2140"]
[PlyCount "92"]
[EventDate "2014.05.07"]
[EventType "swiss"]
[EventRounds "7"]
[EventCountry "CZE"]
[SourceTitle "EXT 2016"]
[Source "ChessBase"]
[SourceDate "2015.10.08"]
[SourceVersion "1"]
[SourceVersionDate "2015.10.08"]
[SourceQuality "1"]

1. e4 c5 2. Nf3 Nc6 3. d4 cxd4 4. Nxd4 Nf6 5. Nc3 d6 6. Be3 e6 7. Be2 Be7 8. 0-0 a6 9. f4 Qc7 10. Qd2 0-0 11. Bf3 Nxd4 12. Bxd4 e5 13. Be3 b5 14. Nd5 Nxd5 15. exd5 exf4 16. Bxf4 Bf5 17. c3 Bf6 18. a3 h6 19. Rae1 Rfe8 20. Kh1 Rad8 21. Rxe8+ Rxe8 22. Re1 Rd8 23. Qf2 Kh7 24. Bh5 g6 25. Bf3 Be5 26. Qh4 Bxf4 27. Qxf4 Kg7 28. Qd4+ f6 29. h3 Rf8 30. Qf4 Rf7 31. Bg4 Bxg4 32. Qxg4 Re7 33. Re6 Qd7 34. Rxe7+ Qxe7 35. Qd4 h5 36. Kh2 g5 37. Qd2 Qe5+ 38. Kh1 g4 39. hxg4 hxg4 40. Qd1 Kf8 41. Qxg4 Qxd5 42. Qc8+ Ke7 43. Qxa6 Qh5+ 44. Kg1 Qd1+ 45. Kh2 Qh5+ 46. Kg1 Qc5+ 1/2-1/2

[Event "CZE-chT2C 1314"]
[Site "Czech Republic"]
[Date "2014.03.02"]
[Round "9.5"]
[White "Munk, Petr"]
[Black "Bukacek, Lubomir"]
[Result "1/2-1/2"]
[WhiteElo "2146"]
[BlackElo "2074"]
[PlyCount "116"]
[EventDate "2013.11.03"]
[EventType "team-tourn"]
[EventRounds "11"]
[EventCountry "CZE"]
[SourceTitle "EXT 2015"]
[Source "ChessBase"]
[SourceDate "2014.11.20"]
[SourceVersion "1"]
[SourceVersionDate "2014.11.20"]
[SourceQuality "1"]
[WhiteTeam "Lysa nad Labem III"]
[BlackTeam "Jihlava Gambit"]
[WhiteTeamCountry "CZE"]
[BlackTeamCountry "CZE"]

1. Nf3 Nf6 2. c4 c6 3. g3 g6 4. Bg2 Bg7 5. 0-0 0-0 6. Nc3 d5 7. d4 dxc4 8. Ne5 Nbd7 9. Nxc4 Nb6 10. Ne5 Ng4 11. f4 Nxe5 12. dxe5 Qxd1 13. Rxd1 Bf5 14. b3 f6 15. exf6 Bxf6 16. Bb2 e5 17. Rd2 Rad8 18. Rad1 Rxd2 19. Rxd2 Bg7 20. e3 Re8 21. Kf2 a5 22. e4 Be6 23. Ne2 a4 24. Bxe5 Bxe5 25. fxe5 axb3 26. axb3 Nd7 27. Nd4 Nxe5 28. Nxe6 Rxe6 29. Rd8+ Kg7 30. Bh3 Re7 31. Ke3 c5 32. Rd5 c4 33. bxc4 Nxc4+ 34. Kd4 Rc7 35. e5 Kf7 36. Rd8 Na5 37. e6+ Kf6 38. Rf8+ Kg7 39. Rf2 Rc1 40. Ke5 Nc6+ 41. Kd6 Rd1+ 42. Kc7 Re1 43. Rf7+ Kg8 44. Rd7 Kf8 45. Rxh7 Ne7 46. Kxb7 Re2 47. Bg4 Re4 48. h3 Rc4 49. Rf7+ Ke8 50. Be2 Rc5 51. Rf6 Re5 52. Bd3 Rg5 53. h4 Rxg3 54. Bb5+ Nc6 55. Rf7 Re3 56. Bxc6+ Kd8 57. e7+ Rxe7+ 58. Rxe7 Kxe7 1/2-1/2